|
|
|
|
| LEADER |
00000nam0a2200000 4500 |
| 001 |
315177 |
| 005 |
20231102002742.0 |
| 035 |
|
|
|a (RuTPU)RU\TPU\book\340610
|
| 090 |
|
|
|a 315177
|
| 100 |
|
|
|a 20160226d1982 km y0rusy5003 ca
|
| 101 |
0 |
|
|a rus
|
| 102 |
|
|
|a UA
|
| 105 |
|
|
|a a z 001zy
|
| 200 |
1 |
|
|a Борьба с самовозгоранием угля в шахтах
|f А. И. Козлюк [и др.]
|
| 210 |
|
|
|a Донецк
|c Донбас
|d 1982
|
| 215 |
|
|
|a 90 с.
|c ил.
|
| 225 |
1 |
|
|a Библиотека передового опыта. Технология производства
|
| 320 |
|
|
|a Библиогр.: с. 88
|
| 606 |
1 |
|
|a Уголь
|x Самовозгорание
|x Физические основы
|2 stltpush
|3 (RuTPU)RU\TPU\subj\62507
|9 79581
|
| 610 |
1 |
|
|a предупреждение
|
| 610 |
1 |
|
|a прогнозы
|
| 610 |
1 |
|
|a обнаружение
|
| 610 |
1 |
|
|a методы
|
| 610 |
1 |
|
|a средства
|
| 610 |
1 |
|
|a средства
|
| 610 |
1 |
|
|a эндогенные пожары
|
| 610 |
1 |
|
|a тушение
|
| 675 |
|
|
|a 622.822
|z rus
|v 3
|
| 701 |
|
1 |
|a Козлюк
|b А. И.
|g Анатолий Иванович
|
| 701 |
|
1 |
|a Каледин
|b Н. В.
|g Николай Васильевич
|
| 701 |
|
1 |
|a Чунту
|b Г. И.
|g Геннадий Иванович
|
| 701 |
|
1 |
|a Альперович
|b В. Я.
|g Владимир Яковлевич
|
| 801 |
|
0 |
|a RU
|b RuMRKP
|c 19950417
|g psbo
|
| 801 |
|
1 |
|a RU
|b 63413507
|c 20160226
|
| 801 |
|
2 |
|a RU
|b 63413507
|c 20191119
|g RCR
|
| 942 |
|
|
|c BK
|